<?xml version="1.0" encoding="UTF-8"?>
<collection xmlns="http://www.loc.gov/MARC21/slim">
 <record>
  <leader>     na                 </leader>
  <controlfield tag="001">INLIS000000000688838</controlfield>
  <controlfield tag="005">20170110113050</controlfield>
  <datafield tag="035" ind1=" " ind2=" ">
   <subfield code="a">0010-0117000001</subfield>
  </datafield>
  <controlfield tag="007">ta</controlfield>
  <controlfield tag="008">170110                           e ind  </controlfield>
  <datafield tag="020" ind1=" " ind2=" ">
   <subfield code="a">978-602-1530-07-8 (jilid lengkap)</subfield>
  </datafield>
  <datafield tag="020" ind1=" " ind2=" ">
   <subfield code="a">978-602-1530-09-2 (jilid 2)</subfield>
  </datafield>
  <datafield tag="082" ind1=" " ind2=" ">
   <subfield code="a">294.3</subfield>
  </datafield>
  <datafield tag="084" ind1=" " ind2=" ">
   <subfield code="a">294.3 IND p</subfield>
  </datafield>
  <datafield tag="100" ind1="0" ind2=" ">
   <subfield code="a">Indonesia. Kementerian Pendidikan dan Kebudayaan.</subfield>
  </datafield>
  <datafield tag="245" ind1="1" ind2=" ">
   <subfield code="a">Pendidikan Agama Buddha dan Budi Pekerti /</subfield>
   <subfield code="c">Kementerian Pendidikan dan Kebudayaan</subfield>
  </datafield>
  <datafield tag="260" ind1=" " ind2=" ">
   <subfield code="a">Jakarta :</subfield>
   <subfield code="b">Kementerian Pendidikan dan Kebudayaan,</subfield>
   <subfield code="c">2013</subfield>
  </datafield>
  <datafield tag="300" ind1=" " ind2=" ">
   <subfield code="a">iv, 136 hlm. :</subfield>
   <subfield code="b">ilus. ;</subfield>
   <subfield code="c">30 cm.</subfield>
  </datafield>
  <datafield tag="500" ind1=" " ind2=" ">
   <subfield code="a">Untuk SD Kelas II</subfield>
  </datafield>
  <datafield tag="650" ind1=" " ind2=" ">
   <subfield code="a">Budha</subfield>
  </datafield>
  <datafield tag="650" ind1=" " ind2=" ">
   <subfield code="a">Studi dan Pengajaran</subfield>
  </datafield>
  <datafield tag="600" ind1="0" ind2=" ">
   <subfield code="a">Kementerian Pendidikan dan Kebudayaan</subfield>
  </datafield>
 </record>
</collection>
